Normal view
MARC view
- Vijayan, P.K
Entry Personal Name
001 - CONTROL NUMBER
- control field: 5390
003 - CONTROL NUMBER IDENTIFIER
- control field: OSt
005 - DATE AND TIME OF LATEST TRANSACTION
- control field: 20230223123703.0
008 - FIXED-LENGTH DATA ELEMENTS
- fixed length control field: 230223|| aca||aabn | a|a d
040 ## - CATALOGING SOURCE
- Original cataloging agency: OSt
- Transcribing agency: OSt
100 ## - HEADING--PERSONAL NAME
- Personal name: Vijayan, P.K
670 ## - SOURCE DATA FOUND
- Source citation: Work cat.: (OSt)17635: Vijayan, P.K, Mahabharatham:Suyodhanaparvam, 2021
